[Event "Villa Martelli"]
[Site "Villa Martelli"]
[Date "1997.06.11"]
[Round "11"]
[White "Hoffman, Alejandro"]
[Black "German, Gustavo"]
[Result "1/2-1/2"]
[WhiteElo "2480"]
[BlackElo "2500"]
[PlyCount "62"]
[EventDate "1997.06.01"]
[EventType "tourn"]
[EventRounds "11"]
[EventCountry "ARG"]
[EventCategory "13"]
[SourceTitle "CBM 060"]
[Source "ChessBase"]
[SourceDate "1997.09.29"]
[SourceVersion "1"]
[SourceVersionDate "1997.09.29"]
[SourceQuality "1"]

1. d4 Nf6 2. c4 g6 3. Nc3 Bg7 4. e4 d6 5. f4 0-0 6. Nf3 c5 7. d5 b5 8. cxb5 a6 9. a4 Bb7 10. bxa6 Bxa6 11. Bxa6 Nxa6 12. 0-0 Nc7 13. f5 gxf5 14. exf5 Qc8 15. Ng5 Rb8 16. Nge4 Nce8 17. Qe1 Qd7 18. Bg5 Nxe4 19. Qxe4 Nf6 20. Bxf6 Bxf6 21. Nb5 Rfc8 22. Rf3 c4 23. Rg3+ Kh8 24. Rh3 Rc5 25. Rd1 Qb7 26. Qe2 Rxd5 27. Rxd5 Qxd5 28. Qh5 Kg8 29. Rg3+ Kh8 30. Rh3 Kg8 31. Rg3+ Kh8 1/2-1/2

[Event "Villa Martelli"]
[Site "Villa Martelli"]
[Date "1997.06.10"]
[Round "10"]
[White "German, Gustavo"]
[Black "Tkachiev, Vladislav"]
[Result "0-1"]
[WhiteElo "2500"]
[BlackElo "2630"]
[PlyCount "71"]
[EventDate "1997.06.01"]
[EventType "tourn"]
[EventRounds "11"]
[EventCountry "ARG"]
[EventCategory "13"]
[SourceTitle "CBM 060"]
[Source "ChessBase"]
[SourceDate "1997.09.29"]
[SourceVersion "1"]
[SourceVersionDate "1997.09.29"]
[SourceQuality "1"]

1. e4 g6 2. d4 Bg7 3. Nc3 d6 4. Be3 c6 5. Qd2 b5 6. f3 Nd7 7. a4 b4 8. Nd1 Qa5 9. Bd3 Ngf6 10. Ne2 0-0 11. 0-0 c5 12. c3 Rb8 13. cxb4 Qxb4 14. Qxb4 Rxb4 15. Bd2 Rb8 16. Bc3 cxd4 17. Nxd4 Nc5 18. Bc4 Bd7 19. Bb5 Rfc8 20. b4 Ne6 21. Nxe6 Bxe6 22. Ra3 Rc7 23. Rf2 Bh6 24. Re2 Rbc8 25. Kf2 Bc1 26. Bb2 Bxb2 27. Nxb2 Rc1 28. Bd3 d5 29. e5 Nd7 30. a5 Rb8 31. Ra4 Rc3 32. Bc2 Re8 33. Rd2 Rcc8 34. Bb1 Nxe5 35. Re2 Nc6 36. Re3 0-1

[Event "Villa Martelli"]
[Site "Villa Martelli"]
[Date "1997.06.08"]
[Round "8"]
[White "German, Gustavo"]
[Black "Milos, Gilberto"]
[Result "1/2-1/2"]
[WhiteElo "2500"]
[BlackElo "2605"]
[PlyCount "85"]
[EventDate "1997.06.01"]
[EventType "tourn"]
[EventRounds "11"]
[EventCountry "ARG"]
[EventCategory "13"]
[SourceTitle "CBM 060"]
[Source "ChessBase"]
[SourceDate "1997.09.29"]
[SourceVersion "1"]
[SourceVersionDate "1997.09.29"]
[SourceQuality "1"]

1. e4 Nf6 2. e5 Nd5 3. d4 d6 4. Nf3 Bg4 5. Be2 e6 6. 0-0 Be7 7. c4 Nb6 8. h3 Bh5 9. Nc3 0-0 10. Be3 d5 11. c5 Bxf3 12. gxf3 Nc8 13. f4 f5 14. b4 a6 15. Kh1 Rf7 16. Rg1 Bf8 17. Qb3 Nc6 18. Rg3 Rd7 19. Rag1 N8e7 20. Bh5 Qb8 21. a3 b6 22. Qc2 Qb7 23. Rb1 Rdd8 24. Kh2 Rdb8 25. Rgg1 Qc8 26. Na4 Qd7 27. Rgc1 b5 28. Nc3 a5 29. Be2 axb4 30. axb4 Na7 31. Ra1 c6 32. Ra3 Nac8 33. Rca1 Rxa3 34. Rxa3 Rb7 35. Qa2 Ra7 36. Nb1 Rxa3 37. Qxa3 Qa7 38. Qxa7 Nxa7 39. Nd2 Kf7 40. Nf3 h6 41. Nd2 g6 42. Nb3 h5 43. Nd2 1/2-1/2

[Event "Villa Martelli"]
[Site "Villa Martelli"]
[Date "1997.06.07"]
[Round "7"]
[White "Slipak, Sergio"]
[Black "German, Gustavo"]
[Result "0-1"]
[WhiteElo "2505"]
[BlackElo "2500"]
[PlyCount "128"]
[EventDate "1997.06.01"]
[EventType "tourn"]
[EventRounds "11"]
[EventCountry "ARG"]
[EventCategory "13"]
[SourceTitle "CBM 060"]
[Source "ChessBase"]
[SourceDate "1997.09.29"]
[SourceVersion "1"]
[SourceVersionDate "1997.09.29"]
[SourceQuality "1"]

1. d4 Nf6 2. c4 e6 3. Nc3 Bb4 4. e3 0-0 5. Bd3 d5 6. Nf3 c5 7. 0-0 dxc4 8. Bxc4 Nc6 9. Re1 Qe7 10. Bd2 Rd8 11. a3 Ba5 12. Ne2 Bxd2 13. Qxd2 b6 14. Ng3 cxd4 15. exd4 Nxd4 16. Nxd4 Qc5 17. Nb3 Rxd2 18. Nxc5 bxc5 19. b4 cxb4 20. axb4 Bb7 21. b5 Rd7 22. Re5 Bd5 23. Bxd5 Nxd5 24. Ree1 g6 25. Ne4 Rc8 26. g3 Rcc7 27. h4 h6 28. Nd2 Nb6 29. Nf3 Nc4 30. Ra6 Kg7 31. Rc1 Nd2 32. Rxc7 Nxf3+ 33. Kg2 Nxh4+ 34. Kh3 Rxc7 35. Kxh4 Rb7 36. Kg4 Kf6 37. Kf4 Rxb5 38. Rxa7 Rb3 39. Kg4 h5+ 40. Kh3 Rf3 41. Kg2 Rf5 42. Rb7 g5 43. Ra7 Rb5 44. Ra4 Kf5 45. Ra7 f6 46. Ra4 e5 47. Kf3 Rd5 48. Ra6 Rd4 49. Rb6 h4 50. gxh4 Rxh4 51. Ra6 Rf4+ 52. Kg3 g4 53. Ra8 Rf3+ 54. Kg2 Kf4 55. Rh8 f5 56. Rh1 e4 57. Rh5 e3 58. fxe3+ Rxe3 59. Rh8 Re4 60. Rb8 Re2+ 61. Kg1 g3 62. Rb4+ Kf3 63. Rb3+ Kg4 64. Rb8 f4 0-1

[Event "Villa Martelli"]
[Site "Villa Martelli"]
[Date "1997.06.05"]
[Round "5"]
[White "German, Gustavo"]
[Black "Rodriguez Vila, Andres"]
[Result "1/2-1/2"]
[WhiteElo "2500"]
[BlackElo "2565"]
[PlyCount "61"]
[EventDate "1997.06.01"]
[EventType "tourn"]
[EventRounds "11"]
[EventCountry "ARG"]
[EventCategory "13"]
[SourceTitle "CBM 060"]
[Source "ChessBase"]
[SourceDate "1997.09.29"]
[SourceVersion "1"]
[SourceVersionDate "1997.09.29"]
[SourceQuality "1"]

1. e4 e6 2. d4 d5 3. Nc3 Bb4 4. e5 Ne7 5. a3 Bxc3+ 6. bxc3 c5 7. a4 Nbc6 8. Nf3 Qa5 9. Bd2 Bd7 10. Bb5 c4 11. 0-0 0-0-0 12. Bc1 f6 13. Qe1 Rdf8 14. Ba3 Rf7 15. Bxc6 Nxc6 16. Bd6 h6 17. Qe3 f5 18. Rfb1 a6 19. Bc5 Qd8 20. Rb6 g5 21. Rab1 Na5 22. Qc1 g4 23. Ne1 f4 24. Bd6 f3 25. Qa3 fxg2 26. Nxg2 Qg5 27. Qc5+ Nc6 28. Rxc6+ Bxc6 29. Qxc6+ bxc6 30. Rb8+ Kd7 31. Rb7+ 1/2-1/2

[Event "Buenos Aires op"]
[Site "Buenos Aires"]
[Date "1997.??.??"]
[Round "1"]
[White "German, Gustavo"]
[Black "Garcia, Mario"]
[Result "1-0"]
[WhiteElo "2500"]
[BlackElo "2130"]
[PlyCount "51"]
[EventDate "1997.11.??"]
[EventType "tourn"]
[EventRounds "9"]
[EventCountry "ARG"]
[SourceTitle "EXT 1998"]
[Source "ChessBase"]
[SourceDate "1997.11.17"]
[SourceVersion "1"]
[SourceVersionDate "1997.11.17"]
[SourceQuality "1"]

1. e4 g6 2. d4 Bg7 3. Nc3 c5 4. dxc5 Qa5 5. Bd2 Qxc5 6. Nd5 Na6 7. Nf3 e6 8. Bc3 Bxc3+ 9. Nxc3 Nf6 10. Qd2 0-0 11. e5 Ng4 12. Bxa6 bxa6 13. Ne4 Qc7 14. Nf6+ Nxf6 15. exf6 Qd8 16. Qf4 Qa5+ 17. c3 Qf5 18. Qxf5 gxf5 19. 0-0-0 d5 20. Ne5 Bb7 21. Rd3 Rac8 22. Rg3+ Kh8 23. Rg7 Rc7 24. Rd1 d4 25. Rxd4 Be4 26. Nxf7+ 1-0

[Event "Najdorf Memorial op"]
[Site "Buenos Aires"]
[Date "1997.??.??"]
[Round "6"]
[White "German, Gustavo"]
[Black "Giaccio, Alfredo Gustavo"]
[Result "0-1"]
[WhiteElo "2500"]
[BlackElo "2460"]
[PlyCount "62"]
[EventDate "1997.05.19"]
[EventType "swiss"]
[EventRounds "9"]
[EventCountry "ARG"]
[SourceTitle "CBM 058 Extra"]
[Source "ChessBase"]
[SourceDate "1997.07.29"]
[SourceVersion "1"]
[SourceVersionDate "1997.07.29"]
[SourceQuality "1"]

1. e4 e6 2. d4 d5 3. Nc3 Bb4 4. e5 Qd7 5. a3 Bxc3+ 6. bxc3 b6 7. Qg4 f5 8. Qg3 Ba6 9. Bd3 Bxd3 10. cxd3 Nc6 11. Ne2 Qf7 12. h4 Nge7 13. Be3 h6 14. h5 0-0-0 15. Nf4 Rdg8 16. Qf3 Kb8 17. Rc1 Rd8 18. g3 Rd7 19. Rc2 Rc8 20. 0-0 g5 21. hxg6 Nxg6 22. Kg2 Nxf4+ 23. Qxf4 h5 24. Rh1 Rh8 25. Qf3 Qg6 26. Rh4 Rg7 27. c4 Ne7 28. Rc1 Qe8 29. Kf1 Rg4 30. Qh1 Qg6 31. Ke2 Qe8 0-1

[Event "Clarin GP1 Boca Juniors"]
[Site "Boca"]
[Date "1997.??.??"]
[Round "4"]
[White "German, Gustavo"]
[Black "Mussanti, Diego"]
[Result "1-0"]
[WhiteElo "2500"]
[BlackElo "2335"]
[PlyCount "41"]
[EventDate "1997.04.26"]
[EventType "swiss"]
[EventRounds "9"]
[EventCountry "ARG"]
[SourceTitle "CBM 058 Extra"]
[Source "ChessBase"]
[SourceDate "1997.07.29"]
[SourceVersion "1"]
[SourceVersionDate "1997.07.29"]
[SourceQuality "1"]

1. e4 c5 2. Nf3 e6 3. d4 cxd4 4. Nxd4 Nc6 5. Nc3 d6 6. Be2 Nf6 7. 0-0 Be7 8. Kh1 0-0 9. f4 a6 10. Nxc6 bxc6 11. e5 Ne8 12. Bd3 g6 13. Qe2 d5 14. Na4 Ng7 15. b3 c5 16. Qf2 Qc7 17. Ba3 d4 18. c3 Rd8 19. Rac1 Bd7 20. Nxc5 Qa5 21. Bb4 1-0

[Event "Clarin GP op"]
[Site "Villa Martelli"]
[Date "1997.??.??"]
[Round "3"]
[White "German, Gustavo"]
[Black "Rubinetti, Jorge Alberto"]
[Result "1-0"]
[WhiteElo "2495"]
[BlackElo "2420"]
[PlyCount "80"]
[EventDate "1997.??.??"]
[EventType "swiss"]
[EventRounds "9"]
[EventCountry "ARG"]
[SourceTitle "EXT 1999"]
[Source "ChessBase"]
[SourceDate "1998.11.16"]
[SourceVersion "1"]
[SourceVersionDate "1998.11.16"]
[SourceQuality "1"]

1. e4 e5 2. Nf3 d6 3. d4 exd4 4. Nxd4 Nf6 5. Nc3 Be7 6. Be2 0-0 7. 0-0 Re8 8. Re1 Bf8 9. Bf1 h6 10. Bf4 Nbd7 11. h3 c6 12. Bh2 Qb6 13. Nf5 Nc5 14. Nxd6 Bxd6 15. Qxd6 Ncxe4 16. Nxe4 Rxe4 17. Be5 Rxe1 18. Rxe1 Ne8 19. Qe7 Be6 20. Bd3 a5 21. a3 a4 22. Re3 Qa7 23. Bc3 b6 24. Rxe6 fxe6 25. Qxe6+ Kf8 26. Qxc6 Rd8 27. Bb4+ Kg8 28. Qe6+ Kh8 29. Be7 Rxd3 30. cxd3 b5 31. Qe5 Qb7 32. d4 Qd7 33. d5 Nc7 34. d6 Ne6 35. Kh2 Kg8 36. f4 h5 37. f5 Nf8 38. f6 gxf6 39. Qxf6 Ne6 40. Qg6+ Ng7 1-0

[Event "Bissell op"]
[Site "Buenos Aires"]
[Date "1996.??.??"]
[Round "6"]
[White "German, Gustavo"]
[Black "Fiorito, Fabian"]
[Result "1/2-1/2"]
[WhiteElo "2440"]
[BlackElo "2455"]
[PlyCount "43"]
[EventDate "1996.??.??"]
[EventType "swiss"]
[EventRounds "6"]
[EventCountry "ARG"]
[SourceTitle "EXT 1999"]
[Source "ChessBase"]
[SourceDate "1998.11.16"]
[SourceVersion "1"]
[SourceVersionDate "1998.11.16"]
[SourceQuality "1"]

1. e4 c5 2. Nf3 d6 3. Bb5+ Bd7 4. Bxd7+ Qxd7 5. c4 Nc6 6. d4 cxd4 7. Nxd4 Nf6 8. Nc3 e6 9. 0-0 Be7 10. b3 0-0 11. Nc2 Rfd8 12. Ne3 b6 13. Bb2 Qb7 14. Qe2 a6 15. f3 b5 16. cxb5 Nd4 17. Qd2 Nxb5 18. Ne2 Na7 19. Kh1 Nc6 20. Nc3 d5 21. exd5 Nb4 22. Rfd1 1/2-1/2

[Event "Villa Martelli op"]
[Site "Villa Martelli"]
[Date "1996.??.??"]
[Round "3"]
[White "German, Gustavo"]
[Black "German, Sergio"]
[Result "1-0"]
[WhiteElo "2440"]
[BlackElo "2320"]
[PlyCount "95"]
[EventDate "1996.??.??"]
[EventType "swiss"]
[EventRounds "9"]
[EventCountry "ARG"]
[SourceTitle "EXT 1998"]
[Source "ChessBase"]
[SourceDate "1997.11.17"]
[SourceVersion "1"]
[SourceVersionDate "1997.11.17"]
[SourceQuality "1"]

1. e4 e5 2. Nf3 Nc6 3. Bb5 a6 4. Ba4 Nf6 5. 0-0 b5 6. Bb3 Be7 7. d4 d6 8. c3 Bg4 9. Be3 d5 10. exd5 Nxd5 11. h3 Bh5 12. Nbd2 0-0 13. Qc1 Bf6 14. Re1 Re8 15. a4 exd4 16. Bxd4 Rxe1+ 17. Qxe1 Nxd4 18. Nxd4 Bxd4 19. cxd4 bxa4 20. Rxa4 Nf6 21. Qe5 Qd7 22. Rc4 c6 23. Ne4 Nxe4 24. Qxe4 Rc8 25. Ba4 Bg6 26. Qf3 Qe7 27. Rxc6 Rb8 28. Rxa6 Be4 29. Qe2 Qb7 30. Ra5 Rd8 31. Re5 Qa8 32. Rxe4 Qxa4 33. d5 Qa8 34. d6 g6 35. Rd4 Rd7 36. b4 h6 37. Qe5 Kh7 38. Rc4 Qf8 39. Rc7 Rxd6 40. Rxf7+ Qxf7 41. Qxd6 Qb3 42. Qd7+ Kg8 43. b5 Qc2 44. Qc6 Qb1+ 45. Kh2 Qf5 46. Qe8+ Kh7 47. Qe7+ Kg8 48. Qd8+ 1-0

[Event "Buenos Aires op"]
[Site "Buenos Aires"]
[Date "1996.??.??"]
[Round "?"]
[White "German, Gustavo"]
[Black "Zapata, Alonso"]
[Result "0-1"]
[WhiteElo "2410"]
[BlackElo "2505"]
[PlyCount "66"]
[EventDate "1996.??.??"]
[EventType "swiss"]
[EventRounds "9"]
[EventCountry "ARG"]
[SourceTitle "EXT 1998"]
[Source "ChessBase"]
[SourceDate "1997.11.17"]
[SourceVersion "1"]
[SourceVersionDate "1997.11.17"]
[SourceQuality "1"]

1. e4 c5 2. Nf3 e6 3. d4 cxd4 4. Nxd4 a6 5. Be2 Nf6 6. Nc3 d6 7. 0-0 Nbd7 8. f4 b5 9. Bf3 Bb7 10. a3 Rc8 11. Qe1 e5 12. Nb3 Be7 13. Kh1 0-0 14. Qg3 Kh8 15. Be3 a5 16. Nxb5 Rxc2 17. Nd2 Rxb2 18. a4 Rb4 19. Rfb1 Rxb1+ 20. Rxb1 Qa8 21. Qh3 Rc8 22. Bd1 Bxe4 23. Ra1 Bd5 24. Be2 Be6 25. f5 Bd5 26. Kg1 Ne4 27. Nxe4 Bxe4 28. g4 Rc2 29. Bf1 Nf6 30. Rc1 Qc6 31. Rb1 Rxh2 32. Na7 Rxh3 33. Nxc6 Rh1+ 0-1

[Event "Buenos Aires op"]
[Site "Buenos Aires"]
[Date "1996.??.??"]
[Round "?"]
[White "Zapata, Alonso"]
[Black "German, Gustavo"]
[Result "1/2-1/2"]
[WhiteElo "2505"]
[BlackElo "2440"]
[PlyCount "51"]
[EventDate "1996.??.??"]
[EventType "swiss"]
[EventRounds "9"]
[EventCountry "ARG"]
[SourceTitle "EXT 1998"]
[Source "ChessBase"]
[SourceDate "1997.11.17"]
[SourceVersion "1"]
[SourceVersionDate "1997.11.17"]
[SourceQuality "1"]

1. e4 e5 2. Nf3 Nc6 3. Bb5 a6 4. Ba4 Nf6 5. d4 exd4 6. 0-0 Be7 7. Re1 b5 8. e5 Nxe5 9. Rxe5 d6 10. Re1 bxa4 11. Nxd4 Bd7 12. Qf3 0-0 13. Nc6 Bxc6 14. Qxc6 d5 15. Qxa4 Bd6 16. Nc3 h6 17. h3 Re8 18. Bf4 Rxe1+ 19. Rxe1 Rb8 20. Bc1 Qc8 21. a3 Qf5 22. Re2 Rb6 23. Qh4 Rc6 24. Qa4 Rb6 25. Qh4 Rc6 26. Qa4 1/2-1/2

[Event "Buenos Aires Clarin op"]
[Site "Buenos Aires"]
[Date "1995.??.??"]
[Round "4"]
[White "Campora, Daniel Hugo"]
[Black "German, Gustavo"]
[Result "1-0"]
[WhiteElo "2525"]
[BlackElo "2340"]
[PlyCount "91"]
[EventDate "1995.05.??"]
[EventType "swiss"]
[EventRounds "9"]
[EventCountry "ARG"]
[SourceTitle "CBM 046 Extra"]
[Source "ChessBase"]
[SourceDate "1995.07.01"]
[SourceVersion "1"]
[SourceVersionDate "1995.07.01"]
[SourceQuality "1"]

1. b4 e5 2. Bb2 Bxb4 3. Bxe5 Nf6 4. Nf3 0-0 5. e3 Re8 6. Be2 d5 7. 0-0 Nbd7 8. Bb2 b6 9. d3 Bb7 10. Nbd2 Bd6 11. Re1 c5 12. Bf1 Qe7 13. g3 Qe6 14. Bg2 Rad8 15. h3 Ba8 16. Ng5 Qe7 17. f4 Nf8 18. Ngf3 N6d7 19. Nh4 g6 20. Qg4 Nf6 21. Qd1 N6d7 22. Nhf3 f6 23. c4 Qf7 24. Qc2 dxc4 25. Nxc4 Bc7 26. a4 Qe7 27. e4 Nb8 28. Ne3 h5 29. Qc3 Nbd7 30. Nd5 Bxd5 31. exd5 Qd6 32. Ng5 Nh7 33. Re6 Rxe6 34. Nxe6 Re8 35. Qc4 Bd8 36. d4 Nhf8 37. Ba3 Kh7 38. Re1 Be7 39. dxc5 bxc5 40. Nc7 Qxc7 41. d6 Qxd6 42. Qf7+ Kh6 43. Qxe8 Qd4+ 44. Kh1 Qxa4 45. Rxe7 Qxa3 46. Rxd7 1-0

[Event "Buenos Aires VII Najdorf op"]
[Site "Buenos Aires"]
[Date "1995.??.??"]
[Round "8"]
[White "Dolezal, Cristian"]
[Black "German, Gustavo"]
[Result "0-1"]
[WhiteElo "2355"]
[BlackElo "2425"]
[PlyCount "69"]
[EventDate "1995.??.??"]
[EventType "swiss"]
[EventRounds "9"]
[EventCountry "ARG"]
[SourceTitle "EXT 1997"]
[Source "ChessBase"]
[SourceDate "1996.11.15"]
[SourceVersion "1"]
[SourceVersionDate "1996.11.15"]
[SourceQuality "1"]

1. e4 c5 2. Nf3 Nc6 3. Nc3 d6 4. d4 cxd4 5. Nxd4 Nf6 6. Be2 e5 7. Nf3 h6 8. h3 Be6 9. Be3 Be7 10. 0-0 d5 11. Nxd5 Nxd5 12. exd5 Qxd5 13. Qe1 0-0 14. c4 Qd7 15. Qc3 Qc7 16. c5 Bf6 17. Rfd1 Rad8 18. Qc2 Nb4 19. Qe4 Nd5 20. Bd2 Ne7 21. Bc3 Bd5 22. Qb4 Ng6 23. Qa5 b6 24. cxb6 axb6 25. Qb5 Nf4 26. Ne1 Bc6 27. Rxd8 Rxd8 28. Qa6 Ra8 29. Qc4 b5 30. Bxe5 bxc4 31. Bxc7 Nxe2+ 32. Kf1 Nd4 33. a4 Nb5 34. Rc1 Nxc7 35. Rxc4 0-1

[Event "Buenos Aires IVESS op"]
[Site "Buenos Aires"]
[Date "1995.??.??"]
[Round "7"]
[White "German, Gustavo"]
[Black "Garcia, Raimundo"]
[Result "1-0"]
[WhiteElo "2425"]
[BlackElo "2395"]
[PlyCount "49"]
[EventDate "1995.??.??"]
[EventType "swiss"]
[EventRounds "9"]
[EventCountry "ARG"]
[SourceTitle "EXT 1997"]
[Source "ChessBase"]
[SourceDate "1996.11.15"]
[SourceVersion "1"]
[SourceVersionDate "1996.11.15"]
[SourceQuality "1"]

1. e4 d5 2. exd5 Qxd5 3. Nc3 Qa5 4. d4 c6 5. Bc4 Bf5 6. Nf3 Nf6 7. Ne5 e6 8. g4 Bg6 9. Bd2 Nbd7 10. Qe2 Nxe5 11. dxe5 Nd7 12. f4 Bb4 13. a3 0-0-0 14. 0-0-0 Bxc3 15. Bxc3 Qc7 16. Rdf1 Nb6 17. f5 exf5 18. gxf5 Bh5 19. Qxh5 Nxc4 20. f6 Rd7 21. fxg7 Rg8 22. e6 fxe6 23. Rf8+ Rd8 24. Rxg8 Rxg8 25. Rf1 1-0

[Event "Lomas de Zamora op"]
[Site "Lomas de Zamora"]
[Date "1995.??.??"]
[Round "7"]
[White "German, Gustavo"]
[Black "Hoffman, Alejandro"]
[Result "0-1"]
[WhiteElo "2340"]
[BlackElo "2515"]
[PlyCount "118"]
[EventDate "1995.??.??"]
[EventType "swiss"]
[EventRounds "9"]
[EventCountry "ARG"]
[SourceTitle "EXT 2004"]
[Source "ChessBase"]
[SourceDate "2003.11.25"]
[SourceVersion "1"]
[SourceVersionDate "2003.11.25"]
[SourceQuality "1"]

1. e4 c5 2. Nf3 d6 3. d4 cxd4 4. Nxd4 Nf6 5. Nc3 g6 6. Bg5 Bg7 7. Bb5+ Bd7 8. Qe2 a6 9. Bxd7+ Nbxd7 10. h4 h6 11. Bxf6 Nxf6 12. 0-0-0 Qa5 13. Nb3 Qe5 14. g3 Rc8 15. f4 Qh5 16. Qd3 0-0 17. Rhe1 Rfe8 18. Re2 e5 19. fxe5 Rxe5 20. Rf2 Rce8 21. Nd2 d5 22. Rxf6 Bxf6 23. Nxd5 Bg7 24. Qb3 b5 25. Nc7 Rd8 26. Rf1 Rd7 27. Nd5 Qe2 28. Qd3 Qxd3 29. cxd3 Rexd5 30. exd5 Rxd5 31. Kc2 f5 32. Nf3 Kf7 33. b3 Bf6 34. Kd2 b4 35. Rc1 Bc3+ 36. Ke3 Kf6 37. d4 g5 38. hxg5+ hxg5 39. a3 a5 40. axb4 axb4 41. Rd1 Rd8 42. Ng1 Re8+ 43. Kf2 Ke6 44. Ne2 Kd5 45. Rd3 Rc8 46. Kf3 Bb2 47. Re3 Rc3 48. Rxc3 Bxc3 49. Ke3 Be1 50. Kd3 Bf2 51. Kd2 Bxd4 52. Nc1 Be5 53. Nd3 Bd6 54. Ke3 Bc5+ 55. Ke2 Kd4 56. Kd2 Bd6 57. Nc1 Ke4 58. Ke2 Bxg3 59. Nd3 Bd6 0-1

[Event "Buenos Aires VII Najdorf op"]
[Site "Buenos Aires"]
[Date "1995.??.??"]
[Round "3"]
[White "German, Gustavo"]
[Black "Juarez, Alberto"]
[Result "1-0"]
[WhiteElo "2340"]
[BlackElo "2295"]
[PlyCount "75"]
[EventDate "1995.??.??"]
[EventType "swiss"]
[EventRounds "9"]
[EventCountry "ARG"]
[SourceTitle "EXT 1997"]
[Source "ChessBase"]
[SourceDate "1996.11.15"]
[SourceVersion "1"]
[SourceVersionDate "1996.11.15"]
[SourceQuality "1"]

1. e4 e5 2. Nf3 Nc6 3. Bb5 a6 4. Ba4 Nf6 5. 0-0 Nxe4 6. d4 b5 7. Bb3 d5 8. dxe5 Be6 9. Qe2 Be7 10. Rd1 0-0 11. c3 Qd7 12. Bc2 f5 13. exf6 Nxf6 14. Ng5 Bg4 15. Nf3 Rae8 16. Be3 Bd6 17. Nbd2 Ne5 18. Qf1 Nh5 19. Nxe5 Bxe5 20. Re1 Bf4 21. Bxf4 Nxf4 22. f3 Bf5 23. Bxf5 Qxf5 24. Rxe8 Rxe8 25. Re1 Rxe1 26. Qxe1 Kf7 27. g3 Nd3 28. Qb1 c5 29. b3 c4 30. bxc4 dxc4 31. Ne4 Qg6 32. Qd1 Qb6+ 33. Kf1 b4 34. Qa4 Ne5 35. Qxb4 Qxb4 36. cxb4 Nxf3 37. Nc5 Nxh2+ 38. Ke2 1-0

[Event "Buenos Aires VII Najdorf op"]
[Site "Buenos Aires"]
[Date "1995.??.??"]
[Round "9"]
[White "German, Gustavo"]
[Black "Rodriguez Vila, Andres"]
[Result "1-0"]
[WhiteElo "2425"]
[BlackElo "2485"]
[PlyCount "61"]
[EventDate "1995.??.??"]
[EventType "swiss"]
[EventRounds "9"]
[EventCountry "ARG"]
[SourceTitle "EXT 1997"]
[Source "ChessBase"]
[SourceDate "1996.11.15"]
[SourceVersion "1"]
[SourceVersionDate "1996.11.15"]
[SourceQuality "1"]

1. e4 e6 2. d4 d5 3. Nc3 Bb4 4. e5 Ne7 5. Bd2 Nf5 6. Qg4 c5 7. dxc5 Nc6 8. Nf3 Bxc5 9. Bd3 h5 10. Qf4 Nce7 11. Nh4 d4 12. Na4 Nd5 13. Qe4 Bb4 14. Nxf5 Bxd2+ 15. Kxd2 exf5 16. Qxd4 Qg5+ 17. Ke1 Qxg2 18. Rf1 0-0 19. Kd2 Qxh2 20. Qxd5 Qf4+ 21. Ke2 Qxa4 22. f4 Be6 23. Qf3 a6 24. Rg1 Kh7 25. b3 Qd4 26. Rad1 Qb4 27. a3 Qxa3 28. Qxb7 Qc5 29. Rxg7+ Kxg7 30. Qg2+ Kh7 31. Rh1 1-0